Derecho privado I

Guardado en:
Detalles Bibliográficos
Autor principal: Frutos, Pedro
Formato: Desconocido
Lenguaje:Español
Publicado: Buenos Aires : [s.n.] 1969
Aporte de:Registro referencial: Solicitar el recurso aquí
LEADER 00494 a2200193 4500
001 61395
005 20260407155903.0
008 260407a1969 arg spa d
003 AR-UNSa-BCEJYS
040 |a AR-UNSa-BCEJYS  |b spa  |c AR-UNSa-BCEJYS 
080 |a 347  |x Derecho Civil 
245 1 0 |a Derecho privado I 
264 1 |a Buenos Aires :  |b [s.n.]  |c 1969 
300 |a 476 p.  |c 23 cm. 
041 |a spa 
942 |c BK 
590 |a niveau_biblio:m niveau_hierar:0 
100 1 |a Frutos, Pedro 
999 |c 7281  |d 7281